Soil Mechanics and Foundation Enguneering [vol 1] (Record no. 1119)

000 -LEADER
fixed length control field 00379 a2200121 4500
082 ## - DEWEY DECIMAL CLASSIFICATION NUMBER
Classification number 624.15136 MUR
100 ## - MAIN ENTRY--PERSONAL NAME
Personal name Murthy, V. N. S.
245 ## - TITLE STATEMENT
Title Soil Mechanics and Foundation Enguneering [vol 1]
Statement of responsibility, etc. V. N. S. Murthy
250 ## - EDITION STATEMENT
Edition statement 3rd ed
260 ## - PUBLICATION, DISTRIBUTION, ETC.
Place of publication, distribution, etc. Bangalore :
Name of publisher, distributor, etc. SAI Kripa Technical Consultants,
Date of publication, distribution, etc. 1989
300 ## - PHYSICAL DESCRIPTION
Extent xxiii, 780p. :
Other physical details ill. ;
Dimensions 23 cm
650 ## - SUBJECT ADDED ENTRY--TOPICAL TERM
Topical term or geographic name entry element Soil Mechanics
650 ## - SUBJECT ADDED ENTRY--TOPICAL TERM
Topical term or geographic name entry element Foundation Engineering
Holdings
Withdrawn status Lost status Damaged status Not for loan Permanent Location Current Location Shelving location Date acquired Total Checkouts Full call number Barcode Date last seen Date last checked out Price effective from Koha item type
        School of Civil and Environmental Engineering (SCEE) School of Civil and Environmental Engineering (SCEE)     1 624.15136 MUR NIT-112 07/26/2021 07/08/2021 01/05/2017 Book
        School of Civil and Environmental Engineering (SCEE) School of Civil and Environmental Engineering (SCEE)     1   NIT-111 07/12/2021 07/08/2021 01/05/2017 Book
© 2023 Central Library, National University of Sciences and Technology. All Rights Reserved.